PreTest family medicine : PreTest self-assessment and review /

Bibliographic Details
Main Author: Knutson, Doug (Douglas J.), 1962-
Format: Book
Language:English
Published: New York : McGraw-Hill Medical, [2012]
Edition:Third edition.
Series:PreTest self-assessment and review
Subjects:

MARC

Tag First Indicator Second Indicator Subfields
LEADER 00000cam a2200000 a 4500
001 in00004518656
005 20211013110002.0
008 120608s2012 nyua b 001 0 eng
010 |a  2012419188 
019 |a 801576542 
020 |a 9780071760522 
020 |a 0071760520 
035 |a (OCoLC)ocn778269641 
035 |a (OCoLC)778269641  |z (OCoLC)801576542 
040 |a DLC  |b eng  |c DLC  |d UKMGB  |d BDX  |d WS$  |d MMU  |d OCLCO  |d TMV  |d UtOrBLW 
049 |a TMVM 
060 4 |a WB 18.2  |b K67f 2012 
100 1 |a Knutson, Doug  |q (Douglas J.),  |d 1962- 
245 1 0 |a PreTest family medicine :  |b PreTest self-assessment and review /  |c Doug Knutson. 
246 3 0 |a Family medicine 
246 3 |a Family medicine pretest 
250 |a Third edition. 
264 1 |a New York :  |b McGraw-Hill Medical,  |c [2012] 
264 4 |c ©2012 
300 |a xi, 323 pages :  |b illustrations ;  |c 22 cm. 
336 |a text  |b txt  |2 rdacontent 
337 |a unmediated  |b n  |2 rdamedia 
338 |a volume  |b nc  |2 rdacarrier 
490 0 |a PreTest self-assessment and review 
504 |a Includes bibliographical references (page 307) and index. 
650 0 |a Family medicine  |v Examinations, questions, etc. 
650 2 |a Family Practice. 
655 2 |a Examination Question. 
999 |a MARS 
999 f f |s 78d9b117-9628-3283-b708-d864ad8fe6d6  |i 38a927d5-09b8-3c42-80e0-d1133c13470f  |t 0 
952 f f |p normal  |a Texas A&M University  |b College Station  |c Medical Sciences Library  |d MSL: Book Stacks  |t 0  |e WB 18.2 K67f 2012  |h National Library of Medicine classification  |i unmediated -- volume  |m 323890229726A 
952 f f |p ric  |a Texas A&M University  |b Rellis Campus  |c Joint Library Facility  |d Remote Storage  |t 0  |e WB 18.2 K67f 2012  |h National Library of Medicine classification  |i unmediated -- volume  |m 323890229729D 
998 f f |a WB 18.2 K67f 2012  |t 0  |l Remote Storage 
998 f f |a WB 18.2 K67f 2012  |t 0  |l MSL: Book Stacks